| 000 | 00350nam a2200133Ia 4500 | ||
|---|---|---|---|
| 008 | 230917s9999||||xx |||||||||||||| ||und|| | ||
| 040 |
_e92458 _aMAIN |
||
| 041 | _aEnglish | ||
| 082 | _a530.41 M111E | ||
| 100 | _aMaan, Anup Singh | ||
| 245 | 0 | _aElectrical and photoelectrical properties of amorphous semiconductors | |
| 300 | _a105 p. | ||
| 942 | _cTH | ||
| 999 |
_c72918 _d72918 |
||